| 000 | 00357nam a2200145Ia 4500 | ||
|---|---|---|---|
| 008 | 150201s2007 xx 000 0 und d | ||
| 082 |
_a612 _bL06S |
||
| 100 | _aSINNATAMBY,CHUMY S | ||
| 245 | _aLAST ANATOMY REDIONAL AND APPLIED | ||
| 250 | _a12th | ||
| 260 |
_bJAYPEE BROTHERS _aDELHI _c2007 |
||
| 300 | _a1-569 | ||
| 650 | _aHUMAN ANATOMY | ||
| 942 |
_2ddc _cBK |
||
| 999 |
_c475 _d475 |
||